00432 2200181 4500001002100000005001500021008004100036020001900077035001900096041000700115082000800122090001400130100001800144245001600162260003000178300002700208650001500235INLIS00000000000771320241224113522241224||||||||| | ||| |||| || |  a978-6022421986 0010-1224007713 aid0 a813 a813 JON t0 aJone Christie00aTomboy Girl aBandungbDar! Mizanc2014 a140 hlm.; ilus.: 21 cm 0afiksi anak